Tampa Bay Buccaneers Schedule 2022/2023 - Statistics

General Stats
  • This quiz has been taken 35 times
  • The average score is 9 of 18
Answer Stats
Week Buccaneers Opponent % Correct
1 Buccaneers at Cowboys
93%
2 Buccaneers at Saints
81%
4 Buccaneers vs Chiefs
67%
18 Buccaneers at Falcons
67%
5 Buccaneers vs Falcons
59%
3 Buccaneers vs Packers
56%
17 Buccaneers vs Panthers
56%
7 Buccaneers at Panthers
52%
10 Buccaneers vs Seahawks
48%
8 Buccaneers vs Ravens
44%
13 Buccaneers vs Saints
44%
6 Buccaneers at Steelers
44%
9 Buccaneers vs Rams
37%
12 Buccaneers at Browns
33%
16 Buccaneers at Cardinals
33%
11 Buccaneers Bye
30%
14 Buccaneers at 49ers
26%
15 Buccaneers vs Bengals
26%
No matching quizzes found
Score Distribution
Percent of People with Each Score
Percentile by Number Answered
Your Score History
You have not taken this quiz